000 00548nam a2200181 a 4500
001 000048471
005 20201002061158.0
008 190322s2015 dr a r 000 0 spa d
020 _a9789945472493
040 _aDO-SdBNP
_bspa
_cBNPHU
082 _a625.7
_bM828p
100 1 _aMorales Sosa, Hugo Andrés
_96557
245 1 0 _aPresupuesto de carreteras /
_cHugo Andrés Morales Sosa.
260 _aSanto Domingo :
_bINTEC,
_c2015.
300 _axv, 236 p. :
_bil. ;
_c28 cm.
504 _aBibliografía : p. 235-237
590 _aInventariado, 2019/BT
999 _c47959
_d47959